Normal view
MARC view
- الحريات العامة -- حرية التعبير -- حقوق مدنية
Entry Topical Term
001 - CONTROL NUMBER
- control field: 46547
003 - CONTROL NUMBER IDENTIFIER
- control field: JO-AjAnu
005 - DATE AND TIME OF LATEST TRANSACTION
- control field: 20230606081706.0
008 - FIXED-LENGTH DATA ELEMENTS
- fixed length control field: 230606|| aca||aabn | a|a d
040 ## - CATALOGING SOURCE
- Original cataloging agency: JO-AjAnu
- Transcribing agency: JO-AjAnu
150 ## - HEADING--TOPICAL TERM
- Topical term or geographic name entry element: الحريات العامة -- حرية التعبير -- حقوق مدنية
670 ## - SOURCE DATA FOUND
- Source citation: Work cat.: (JO-AjAnu)23826: كشاكش ، كريم يوسف أحمد , author 46546, الحريات العامة في الأنظمة السياسية المعاصرة : الإسلام - أمريكا - المملكة المتحدة - فرنسا - ألمانيا الإتحادية - الإتحاد السوفيتي - يوجوسلافيا - مصر - الأردن